000 00706nam a2200277Ia 4500
008 180803s9999 xx 000 0 und d
020 _a9780439739085
050 _bS217 2006
100 _aSandler, Michael
245 0 _aEnter the speed zone /
245 0 _cby Michael Sandler.
260 _aBroadway, New York :
260 _bScholastic,
260 _c2006
300 _a16 pages :
300 _bcolored ;
300 _c23cm.
440 _aScholastic FX books.
500 _a430
650 _aAutomobile racing --
650 _aNASCAR (Association).
650 _xAutomobile racing.
650 _xUnited States -- Juvelnile Literature.
700 _aSeries.
700 _aTitle.
999 _c358260
_d358260